| 000 | 00000nam 2200000za 4500 |
| 001 | 9.572995 |
| 003 | CaOODSP |
| 005 | 20221107134028 |
| 007 | cr ||||||||||| |
| 008 | 150406s1999 onc|||||o f00| 0 eng d |
| 040 | |aCaOODSP|beng |
| 043 | |an-cn--- |
| 086 | 1 |aM22-132/11-1999E-PDF |
| 110 | 1 |aCanada. |bNatural Resources Canada. |
| 245 | 10|aReaching out to Canadians on climate change |h[electronic resource] : |ba public education and outreach strategy / |csubmitted by The Public Education and Outreach Issue Table, as part of the National Climate Change Implementation Process. |
| 260 | |aOttawa : |bThe Table,|c1999. |
| 300 | |a45p.|bfigs., table |
| 500 | |a"Final". |
| 590 | |a12-10-Supp|b2012-03-23 |
| 710 | 2 |aNational Climate Change Secretariat (Canada).|bPublic Education and Outreach Issue Table. |
| 775 | 08|tComment sensibiliser les Canadiens aux changements climatiques |w(CaOODSP)9.603237 |
| 776 | 0#|tPublic education and outreach / |w(CaOODSP)9.615173 |
| 856 | 40|ahttp://publications.gc.ca|qPDF|s236 KB|uhttps://publications.gc.ca/collections/Collection/M22-132-11-1999E.pdf |